La accion preventiva del daño en concursos y sociedades (Registro nro. 6549)
[ vista simple ]
| 000 -LEADER | |
|---|---|
| fixed length control field | 01469nam a22004817a 4500 |
| 003 - CONTROL NUMBER IDENTIFIER | |
| control field | OSt |
| 005 - DATE AND TIME OF LATEST TRANSACTION | |
| control field | 20260522084646.0 |
| 007 - PHYSICAL DESCRIPTION FIXED FIELD--GENERAL INFORMATION | |
| fixed length control field | ta |
| 008 - FIXED-LENGTH DATA ELEMENTS--GENERAL INFORMATION | |
| fixed length control field | 260522s2024 ag ||||| |||| 00| 0 spa d |
| 020 ## - INTERNATIONAL STANDARD BOOK NUMBER | |
| International Standard Book Number | 9786316500441 |
| 040 ## - CATALOGING SOURCE | |
| Transcribing agency | cj catamarca |
| 082 ## - DEWEY DECIMAL CLASSIFICATION NUMBER | |
| Classification number | 347.952.4 G869 |
| 100 10 - MAIN ENTRY--PERSONAL NAME | |
| 9 (RLIN) | 334 |
| Personal name | Grispo, Jorge D. |
| 245 13 - TITLE STATEMENT | |
| Title | La accion preventiva del daño en concursos y sociedades |
| 250 ## - EDITION STATEMENT | |
| Edition statement | 1º ed. |
| 260 ## - PUBLICATION, DISTRIBUTION, ETC. | |
| Place of publication, distribution, etc. | CABA: |
| Name of publisher, distributor, etc. | DyD, |
| Date of publication, distribution, etc. | 2024 |
| 300 ## - PHYSICAL DESCRIPTION | |
| Extent | 360 p. |
| Dimensions | 23 cm |
| 500 ## - GENERAL NOTE | |
| General note | INVENTARIO Nº 8180 |
| 650 #7 - SUBJECT ADDED ENTRY--TOPICAL TERM | |
| Source of heading or term | SAIJ |
| 653 ## - INDEX TERM--UNCONTROLLED | |
| Uncontrolled term | CCyC |
| 653 ## - INDEX TERM--UNCONTROLLED | |
| Uncontrolled term | ACCION PREVENTIVA |
| 653 ## - INDEX TERM--UNCONTROLLED | |
| Uncontrolled term | DAÑO-CONCURSOS |
| 653 ## - INDEX TERM--UNCONTROLLED | |
| Uncontrolled term | DAÑO-SOCIEDADES |
| 653 ## - INDEX TERM--UNCONTROLLED | |
| Uncontrolled term | RESPONSABILIDAD CIVIL |
| 653 ## - INDEX TERM--UNCONTROLLED | |
| Uncontrolled term | DAÑO-PREVENCION-art. 1708 |
| 653 ## - INDEX TERM--UNCONTROLLED | |
| Uncontrolled term | DAÑO-ACCION PREVENTIVA-PROCESO |
| 653 ## - INDEX TERM--UNCONTROLLED | |
| Uncontrolled term | DAÑO-CONCURSAL-FALENCIA |
| 653 ## - INDEX TERM--UNCONTROLLED | |
| Uncontrolled term | CESACION DE PAGO |
| 653 ## - INDEX TERM--UNCONTROLLED | |
| Uncontrolled term | INSOLVENCIA-CONCURSAL |
| 653 ## - INDEX TERM--UNCONTROLLED | |
| Uncontrolled term | TUTELA ANTICIPADA-INFRACAPITALIZACION |
| 653 ## - INDEX TERM--UNCONTROLLED | |
| Uncontrolled term | art. 79-LCQ |
| 653 ## - INDEX TERM--UNCONTROLLED | |
| Uncontrolled term | MEDIDA ANTICAUTELAR-CONCURSO PREVENTIVO |
| 653 ## - INDEX TERM--UNCONTROLLED | |
| Uncontrolled term | DAÑO-PREVENCION-SOCIETARIO |
| 653 ## - INDEX TERM--UNCONTROLLED | |
| Uncontrolled term | CONFLICTO-SOCIOS |
| 653 ## - INDEX TERM--UNCONTROLLED | |
| Uncontrolled term | PRINCIPIO DE BUENA FE |
| 653 ## - INDEX TERM--UNCONTROLLED | |
| Uncontrolled term | SOCIOS-ACCIONISTAS-CONDUCTA ABUSIVA |
| 653 ## - INDEX TERM--UNCONTROLLED | |
| Uncontrolled term | RESPONSABILIDAD-SOCIO |
| 653 ## - INDEX TERM--UNCONTROLLED | |
| Uncontrolled term | RESPONSABILIDAD-ADMINISTRADOR |
| 653 ## - INDEX TERM--UNCONTROLLED | |
| Uncontrolled term | ASAMBLEAS-IMPUGNACION |
| 653 ## - INDEX TERM--UNCONTROLLED | |
| Uncontrolled term | art. 91-REGIMEN SOCIETARIO |
| 856 ## - ELECTRONIC LOCATION AND ACCESS | |
| Uniform Resource Identifier | <a href="https://drive.google.com/file/d/1zL0n9D1N5_7B0PJfATc-t7DyKQt9pkiO/view?usp=sharing">https://drive.google.com/file/d/1zL0n9D1N5_7B0PJfATc-t7DyKQt9pkiO/view?usp=sharing</a> |
| 942 ## - ADDED ENTRY ELEMENTS (KOHA) | |
| Source of classification or shelving scheme | Dewey Decimal Classification |
| Koha item type | Book |
| Suppress in OPAC | No |
| Withdrawn status | Lost status | Source of classification or shelving scheme | Damaged status | Not for loan | Home library | Current library | Date acquired | Source of acquisition | Total Checkouts | Full call number | Barcode | Date last seen | Price effective from | Koha item type |
|---|---|---|---|---|---|---|---|---|---|---|---|---|---|---|
| Dewey Decimal Classification | PJCB | PJCB | 05/22/2026 | Compra | 347.952.4 G869 | 8180 | 05/22/2026 | 05/22/2026 | Book |

